000 02364njm a2200349Ia 4500
001 20730
003 IT-RoPAU
005 20220918181138.0
008 131025s9999 xx 000 0 und d
040 _aIT-RoPAU
040 _cIT-RoPAU
999 _c101102
_d101102
999 _bn.d.
100 _eAutore musica
_92759
100 _gCodice Autore Musica SPICS: 22919
_92760
245 _aAfter Bathing At Baxter's (Rca Lsp-4545)
250 _a1a ed.
260 _aNEW YORK
260 _bRCA RECORDS
_c1967 [1a Ed.:1967 - Ed. Lingua Orig.: 1967]
300 _aDISCO
300 _c4 minuti (Testo: 0 pag.)
500 _aMusica rock
505 _aThe War Is Over: Wild Tyme [(Kantner Paul) (4:00)] - How suite It Is: Spare Chaynge [(Casady; Dryden; Kaukonen Jorma) (16:00)] - Shizoforest Love Suite: Two Heads [(Slick Grace) (4:00)] - Hymn To An Older Generation: Rejoyce [(Slick Grace) (4:00)] - Shizoforest Love Suite: Won't You Try [(Kantner Paul) (5:00)] - How Suite It Is: Watch Her Ride [(Kantner Paul) (4:00)] - Shizoforest Love Suite: Saturday Afternoon [(Kantner Paul) (5:00)] - Hymn To An Older Generation: the Last Wall of the Castle (Kaukonen Jorma) (3:00) - Streetmasse: the Ballad of You & me & Pooneil (5:00) - Streetmasse: a Small Package of Value Will Come To You, Shortly (2:00) - Streetmasse: Young Girl Sunday Blues (4:00) - The War Is Over: Martha (4:00)
650 _aROCK [DISCHI]
_eCodice MATERIA SPICS: 9950
_91088
700 _aAA.VV.
_gCodice autore musica SPICS: 22929
_eAutore musica
_92761
700 _aJefferson Airplane
_gCodice Interprete SPICS: 10959
_eInterprete
_92767
700 _aKantner Paul
_gCodice autore musica SPICS: 22919
_eAutore musica
_pStreetmasse: the Ballad of You & me & Pooneil - Streetmasse: Young Girl Sunday Blues - The War Is Over: Martha
_92762
700 _aDryden
_gCodice autore musica SPICS: 22931
_eAutore musica
_pStreetmasse: a Small Package of Value Will Come To You, Shortly
_92763
700 _aBlackman
_gCodice autore SPICS: 22930
_eAutore
_pStreetmasse: a Small Package of Value Will Come To You, Shortly
_92764
700 _aThompson Chester
_gCodice autore testo/musica SPICS: 20798
_eAutore testo/musica
_pStreetmasse: a Small Package of Value Will Come To You, Shortly
_92765
700 _aBalin
_gCodice autore musica SPICS: 22928
_eAutore musica
_pStreetmasse: Young Girl Sunday Blues
_92766
942 _cMD
_2ddc